Maestría en odontología (Registro nro. 2078)

Detalles MARC
000 -LEADER
fixed length control field 01988nam a22002417a 4500
003 - CONTROL NUMBER IDENTIFIER
control field OSt
005 - DATE AND TIME OF LATEST TRANSACTION
control field 20260428111501.0
008 - FIXED-LENGTH DATA ELEMENTS--GENERAL INFORMATION
fixed length control field 260428b |||||||| |||| 00| 0 spad
020 ## - INTERNATIONAL STANDARD BOOK NUMBER
International Standard Book Number 9786287528963
082 ## - DEWEY DECIMAL CLASSIFICATION NUMBER
Edition number 9786287528963
100 ## - MAIN ENTRY--PERSONAL NAME
Personal name Giles McCracken
245 ## - TITLE STATEMENT
Title Maestría en odontología
Remainder of title odontología restauradora, odontopediatría y ortodoncia
250 ## - EDITION STATEMENT
Edition statement 4ª Edición
260 ## - PUBLICATION, DISTRIBUTION, ETC.
Place of publication, distribution, etc. Medellín, Colombia.
Name of publisher, distributor, etc. AMOLCA
Date of publication, distribution, etc. 2023
300 ## - PHYSICAL DESCRIPTION
Extent 360 pág
Other physical details tapa dura
Dimensions 28.0 x 22.0
490 ## - SERIES STATEMENT
Materials specified tapa dura
International Standard Serial Number 978-628-7528-96-3
520 ## - SUMMARY, ETC.
Summary, etc. El objetivo primordial de esta obra técnica consiste en proporcionar un recurso de aprendizaje estructurado y sintético para el perfeccionamiento de las competencias clínicas en las áreas de odontología restauradora, odontopediatría y ortodoncia. El texto se propone facilitar la preparación académica de estudiantes y profesionales ante evaluaciones de suficiencia profesional, integrando la evidencia científica más reciente con la práctica odontológica contemporánea. Mediante una metodología pedagógica basada en objetivos de aprendizaje y secciones de autoevaluación, el libro busca consolidar la capacidad analítica del lector para la resolución de casos clínicos complejos. Asimismo, el autor pretende que el facultativo adquiera un dominio profundo sobre la selección de materiales y la aplicación de técnicas avanzadas, garantizando una atención clínica segura y eficiente. En definitiva, el manual se constituye como una herramienta de referencia fundamental para la formación continua y la excelencia en el ejercicio de la medicina dental
650 ## - SUBJECT ADDED ENTRY--TOPICAL TERM
Source of heading or term Legibilidad
General subdivision Capítulo 1. Periodoncia: Fundamentos del soporte dental y salud gingival.
651 ## - SUBJECT ADDED ENTRY--GEOGRAPHIC NAME
General subdivision Capítulo 2. Endodoncia: Tratamiento de la pulpa dental y tejidos periapicales.
654 ## - SUBJECT ADDED ENTRY--FACETED TOPICAL TERMS
General subdivision Capítulo 3. Odontología conservadora: Técnicas para preservar la estructura natural del diente.
700 ## - ADDED ENTRY--PERSONAL NAME
Personal name Giles McCracken
942 ## - ADDED ENTRY ELEMENTS (KOHA)
Source of classification or shelving scheme Dewey Decimal Classification
Koha item type Libros
Suppress in OPAC No
Existencias
Withdrawn status Lost status Source of classification or shelving scheme Damaged status Not for loan Collection Home library Current library Shelving location Date acquired Source of acquisition Coded location qualifier Inventory number Total checkouts Full call number Barcode Date last seen Copy number Price effective from Koha item type
    Dewey Decimal Classification     Estantería D Fila 4 Biblioteca Stanford Biblioteca Stanford Biblioteca Cerrada 28.04.2026 odontologia 0785 0785   odontología ODON0785 28.04.2026 1 28.04.2026 Libros
Bienvenido a nuestra Biblioteca